[Event "2ème Open International de Haute-Bretag"]
[Site "Rennes"]
[Date "2009.07.15"]
[Round "1.16"]
[White "Le Goff, Damien"]
[Black "Aubry, Yannis"]
[Result "1/2-1/2"]
[WhiteElo "2270"]
[BlackElo "1954"]
[PlyCount "69"]
[EventDate "2009.08.21"]
[EventType "swiss"]
[EventRounds "9"]
[EventCountry "FRA"]

1. e4 c5 2. Nf3 Nc6 3. d4 cxd4 4. Nxd4 Nf6 5. Nc3 e5 6. Ndb5 d6 7. Bg5 a6 8.
Na3 b5 9. Bxf6 gxf6 10. Nd5 Bg7 11. Bd3 Ne7 12. Nxe7 Qxe7 13. c4 f5 14. O-O O-O
15. Qh5 Rb8 16. exf5 e4 17. Rae1 Bb7 18. f3 d5 19. fxe4 dxe4 20. Qg4 h5 21. Qg3
Kh8 22. Kh1 Bxb2 23. f6 Bxf6 24. Rf5 Bg7 25. Bc2 b4 26. Nb1 Rbd8 27. Qf4 Qd7
28. c5 Qd4 29. Rxh5+ Kg8 30. Qf5 Rfe8 31. Bb3 Re7 32. Rf1 Rdd7 33. Qh7+ Kf8 34.
Rhf5 Bd5 35. c6 1/2-1/2

[Event "2ème Open International de Haute-Bretag"]
[Site "Rennes"]
[Date "2009.07.15"]
[Round "1.15"]
[White "Guisset, Philippe"]
[Black "Foisor, Sabina Francesca"]
[Result "0-1"]
[WhiteElo "1985"]
[BlackElo "2304"]
[PlyCount "28"]
[EventDate "2009.08.21"]
[EventType "swiss"]
[EventRounds "9"]
[EventCountry "FRA"]

1. c4 g6 2. g3 Bg7 3. Bg2 c5 4. Nc3 e6 5. a3 Ne7 6. b4 d6 7. Rb1 Nbc6 8. b5 Ne5
9. Qb3 O-O 10. d3 f5 11. f4 Nf7 12. Nh3 Rb8 13. b6 Qxb6 14. Qxb6 Bxc3+ 0-1

[Event "2ème Open International de Haute-Bretag"]
[Site "Rennes"]
[Date "2009.07.15"]
[Round "1.14"]
[White "Andonov, Bogomil"]
[Black "Schmouchkovitch, Michel"]
[Result "1/2-1/2"]
[WhiteElo "2311"]
[BlackElo "1996"]
[PlyCount "92"]
[EventDate "2009.08.21"]
[EventType "swiss"]
[EventRounds "9"]
[EventCountry "FRA"]

1. Nf3 e6 2. d4 f5 3. Bg5 Be7 4. Bxe7 Qxe7 5. c3 Nf6 6. Nbd2 b6 7. e3 Bb7 8.
Bd3 Ne4 9. O-O O-O 10. Qc2 d5 11. Ne5 Nxd2 12. Qxd2 Nd7 13. Nxd7 Qxd7 14. c4
dxc4 15. Be2 Rac8 16. Rfd1 Rfd8 17. Bxc4 c5 18. Rac1 b5 19. Bf1 c4 20. a4 a6
21. Qb4 Bd5 22. Rd2 Rb8 23. axb5 axb5 24. Rdc2 Qd6 25. Qxd6 Rxd6 26. f4 Ra6 27.
Kf2 Ra2 28. h3 Be4 29. Rd2 Rc8 30. g4 g6 31. g5 Kf7 32. Ke1 Rca8 33. Rf2 R8a4
34. Bg2 Bd5 35. Re2 Rb4 36. Rcc2 Rb3 37. Kf2 Ke7 38. h4 Kd6 39. h5 Kc6 40. h6
Kd6 41. Bf3 Bxf3 42. Kxf3 Kd5 43. Red2 Rb4 44. Re2 Rb3 45. Red2 Rb4 46. Re2 Rb3
1/2-1/2

[Event "2ème Open International de Haute-Bretag"]
[Site "Rennes"]
[Date "2009.07.15"]
[Round "1.13"]
[White "Jouneau, Quentin"]
[Black "Song, Julien"]
[Result "1/2-1/2"]
[WhiteElo "2007"]
[BlackElo "2319"]
[PlyCount "83"]
[EventDate "2009.08.21"]
[EventType "swiss"]
[EventRounds "9"]
[EventCountry "FRA"]

1. e4 e6 2. Qe2 c5 3. g3 Nc6 4. Nf3 g6 5. Bg2 Bg7 6. d3 Nge7 7. c3 d6 8. O-O
O-O 9. Bg5 e5 10. Re1 h6 11. Be3 Be6 12. Nbd2 f5 13. exf5 Nxf5 14. d4 cxd4 15.
cxd4 Nxe3 16. Qxe3 Qb6 17. Nxe5 dxe5 18. d5 Qxe3 19. Rxe3 Rad8 20. dxc6 Rxd2
21. cxb7 Rdxf2 22. Rc1 Rxb2 23. Be4 Bf5 24. Bd5+ Kh8 25. Rec3 h5 26. Rc8 Bxc8
27. bxc8=Q Rxc8 28. Rxc8+ Kh7 29. Rc7 a5 30. Bb3 Kh6 31. Rc6 e4 32. Bc2 Bd4+
33. Kf1 Rxa2 34. Bxe4 Kg7 35. Rxg6+ Kf7 36. Bd5+ Kxg6 37. Bxa2 a4 38. Kg2 a3
39. Kf3 Kf5 40. h3 Ke5 41. h4 Kf5 42. Bb1+ 1/2-1/2

[Event "2ème Open International de Haute-Bretag"]
[Site "Rennes"]
[Date "2009.07.15"]
[Round "1.12"]
[White "Milchev, Nikolay"]
[Black "Melloul, Claude"]
[Result "1-0"]
[WhiteElo "2351"]
[BlackElo "2019"]
[PlyCount "77"]
[EventDate "2009.08.21"]
[EventType "swiss"]
[EventRounds "9"]
[EventCountry "FRA"]

1. c4 g6 2. g3 Bg7 3. Bg2 d6 4. d4 Nf6 5. Nf3 O-O 6. Nc3 Nc6 7. O-O a6 8. h3
Rb8 9. e4 b5 10. cxb5 axb5 11. e5 Nd7 12. Ng5 dxe5 13. Bxc6 exd4 14. Nxb5 Rb6
15. Bxd7 Qxd7 16. a4 Bb7 17. Kh2 e5 18. f3 f5 19. h4 h6 20. Nh3 Rd8 21. Bd2 Re6
22. Rc1 c6 23. Na3 Kh7 24. Nc4 e4 25. fxe4 fxe4 26. Nf4 Rf6 27. Ba5 Re8 28. Bb6
Rf7 29. Bc5 Bc8 30. Nb6 Qc7 31. Nxc8 Qxc8 32. b4 d3 33. Be3 Qb7 34. Qg4 Rf6 35.
b5 cxb5 36. axb5 Qxb5 37. Rc7 Rc6 38. Rxg7+ Kxg7 39. Qd7+ 1-0

[Event "2ème Open International de Haute-Bretag"]
[Site "Rennes"]
[Date "2009.07.15"]
[Round "1.11"]
[White "Mocquard, Yves"]
[Black "Dobrev, Nanko"]
[Result "0-1"]
[WhiteElo "2030"]
[BlackElo "2352"]
[PlyCount "56"]
[EventDate "2009.08.21"]
[EventType "swiss"]
[EventRounds "9"]
[EventCountry "FRA"]

1. d4 d6 2. c4 Nf6 3. Nc3 c6 4. e4 Qc7 5. f4 e5 6. Nf3 Bg4 7. Be2 Nbd7 8. Be3
exd4 9. Qxd4 Nc5 10. h3 Bd7 11. O-O Be7 12. e5 Nh5 13. Rad1 dxe5 14. Nxe5 Nf6
15. f5 Rd8 16. Qf4 Bd6 17. Qg5 Nfe4 18. Nxe4 Nxe4 19. Qg4 Bxe5 20. Qxe4 O-O 21.
Rxd7 Rxd7 22. f6 Re8 23. Rf4 Qd8 24. fxg7 Bxf4 25. Qxf4 Qe7 26. Kf2 Qxe3+ 27.
Qxe3 Rxe3 28. Kxe3 c5 0-1

[Event "2ème Open International de Haute-Bretag"]
[Site "Rennes"]
[Date "2009.07.15"]
[Round "1.10"]
[White "Piankov, Evgenij"]
[Black "Le Gallo, Frederic"]
[Result "1-0"]
[WhiteElo "2356"]
[BlackElo "2041"]
[PlyCount "57"]
[EventDate "2009.08.21"]
[EventType "swiss"]
[EventRounds "9"]
[EventCountry "FRA"]

1. d4 Nf6 2. Nf3 g6 3. Bg5 Bg7 4. Nbd2 O-O 5. e4 d5 6. exd5 Nxd5 7. c3 Nc6 8.
Bb5 h6 9. Bh4 Nf4 10. O-O Qd5 11. Bc4 Qh5 12. Re1 e5 13. Bg3 exd4 14. Bxf4 dxc3
15. bxc3 Bxc3 16. Rc1 Bb2 17. Rb1 Bg7 18. Bxc7 Bg4 19. h3 Bf5 20. g4 Bxg4 21.
hxg4 Qxg4+ 22. Bg3 Rad8 23. Qe2 Rfe8 24. Qxe8+ Rxe8 25. Rxe8+ Kh7 26. Bxf7 Bd4
27. Bg8+ Kg7 28. Rxb7+ Kf6 29. Rf7# 1-0

[Event "2ème Open International de Haute-Bretag"]
[Site "Rennes"]
[Date "2009.07.15"]
[Round "1.9"]
[White "Le Marec, Simon"]
[Black "Mladenov, Plamen"]
[Result "1/2-1/2"]
[WhiteElo "2064"]
[BlackElo "2362"]
[PlyCount "93"]
[EventDate "2009.08.21"]
[EventType "swiss"]
[EventRounds "9"]
[EventCountry "FRA"]

1. Nf3 c5 2. g3 Nc6 3. Bg2 d5 4. c4 Nf6 5. cxd5 Nxd5 6. Nc3 g6 7. Qb3 Nc7 8.
Ng5 e6 9. d3 Nd4 10. Qd1 Bg7 11. Nge4 Qe7 12. Bg5 f6 13. Be3 O-O 14. O-O Bd7
15. b4 f5 16. Nxc5 Bc6 17. Rc1 Bxg2 18. Kxg2 a5 19. Bxd4 Bxd4 20. Nb3 Bxc3 21.
Rxc3 Nd5 22. Rc2 Nxb4 23. Rb2 f4 24. Qb1 Nd5 25. Nd4 Rf7 26. Nf3 fxg3 27. hxg3
Raf8 28. d4 g5 29. Ne5 Ne3+ 30. Kg1 Nxf1 31. Nxf7 Nxg3 32. Nh6+ Kh8 33. Rxb7
Nxe2+ 34. Kh1 Nc3 35. Nf7+ Kg7 36. Qxh7+ Kxh7 37. Rxe7 Kg6 38. Ne5+ Kf5 39. Ra7
a4 40. f3 Nxa2 41. Rxa4 Nc3 42. Ra7 Ne2 43. Kg2 Nxd4 44. Ra5 Nb3 45. Rb5 Nd4
46. Ra5 Nb3 47. Rb5 1/2-1/2

[Event "2ème Open International de Haute-Bretag"]
[Site "Rennes"]
[Date "2009.07.15"]
[Round "1.8"]
[White "Jolly, Jean Francois"]
[Black "Allorant, Adrien"]
[Result "1-0"]
[WhiteElo "2366"]
[BlackElo "2072"]
[PlyCount "73"]
[EventDate "2009.08.21"]
[EventType "swiss"]
[EventRounds "9"]
[EventCountry "FRA"]

1. d4 Nf6 2. c4 e6 3. Nc3 Bb4 4. Qc2 Nc6 5. Nf3 d6 6. a3 Bxc3+ 7. Qxc3 a5 8. b3
Qe7 9. Bb2 Ne4 10. Qe3 f5 11. d5 Nd8 12. dxe6 Nxe6 13. g3 O-O 14. Bg2 Bd7 15.
O-O Rae8 16. b4 axb4 17. axb4 b5 18. cxb5 Bxb5 19. Ra5 c6 20. Ra7 Qd8 21. g4
Nc7 22. Nd4 Rf7 23. Nxb5 Nxb5 24. Rxf7 Kxf7 25. Qc1 Qb6 26. gxf5 d5 27. e3 Ned6
28. Qd1 g6 29. fxg6+ hxg6 30. Qg4 Nf5 31. Qh3 Rg8 32. Qh7+ Ng7 33. Ra1 Qb7 34.
Bh3 Qe7 35. Ra6 Nd6 36. Rxc6 Ndf5 37. Qxg6+ 1-0

[Event "2ème Open International de Haute-Bretag"]
[Site "Rennes"]
[Date "2009.07.15"]
[Round "1.7"]
[White "Pozuelo, Jose"]
[Black "Foisor, Cristina Adela B"]
[Result "0-1"]
[WhiteElo "2080"]
[BlackElo "2424"]
[PlyCount "98"]
[EventDate "2009.08.21"]
[EventType "swiss"]
[EventRounds "9"]
[EventCountry "FRA"]

1. e4 g6 2. d4 c6 3. Nf3 Bg7 4. Be2 d5 5. e5 f6 6. Bf4 Nh6 7. h3 Nf7 8. exf6
exf6 9. O-O O-O 10. c4 Be6 11. Na3 Nd7 12. Rc1 Re8 13. Re1 Bf8 14. c5 b6 15.
Ba6 bxc5 16. Bb7 Rb8 17. Bxb8 Nxb8 18. dxc5 Qc7 19. Nd4 Nd8 20. Nxe6 Rxe6 21.
Ba8 a5 22. Qb3 Kf7 23. Qb6 Rxe1+ 24. Rxe1 Qxb6 25. cxb6 Bc5 26. Nc2 Bxb6 27. b4
Nd7 28. a4 Ne5 29. Rd1 axb4 30. Nxb4 Ke6 31. Nd3 Kd6 32. Nxe5 fxe5 33. Rb1 Kc7
34. Kf1 e4 35. Ke2 Ne6 36. Kf1 Nc5 37. Ra1 Ba5 38. Rb1 d4 39. g3 d3 40. h4 Bc3
41. g4 h5 42. g5 Ba5 43. Rb2 Bc3 44. Rb1 Nxa4 45. Rb7+ Kd6 46. Rb8 Nb2 47. Rd8+
Kc7 48. Rf8 d2 49. Rf7+ Kd6 0-1

[Event "2ème Open International de Haute-Bretag"]
[Site "Rennes"]
[Date "2009.07.15"]
[Round "1.6"]
[White "Terrieux, Kevin"]
[Black "Caroff, Frederic"]
[Result "1/2-1/2"]
[WhiteElo "2442"]
[BlackElo "2119"]
[PlyCount "77"]
[EventDate "2009.08.21"]
[EventType "swiss"]
[EventRounds "9"]
[EventCountry "FRA"]

1. d4 Nf6 2. c4 e5 3. dxe5 Ng4 4. e3 Nxe5 5. Nh3 g6 6. Bd2 Bg7 7. Bc3 O-O 8.
Nf4 d6 9. Be2 Nbd7 10. O-O Nc5 11. Nd2 Bd7 12. Bd4 Ne6 13. Nxe6 Bxe6 14. Rc1 b6
15. f4 Nd7 16. Bf3 Rb8 17. Nb3 Nf6 18. e4 c5 19. Bf2 b5 20. cxb5 Rxb5 21. Qe2
Qb8 22. e5 Nd5 23. exd6 Nxf4 24. Qe4 Bxb3 25. Qxf4 Bxa2 26. Rxc5 Rxb2 27. Rc7
Rb4 28. Qd2 Rb2 29. Qe3 Rb1 30. Rxb1 Qxb1+ 31. Rc1 Qb2 32. Rd1 Bb3 33. Re1 Bc3
34. Qc1 Be6 35. Qxb2 Bxb2 36. Bh4 Bd4+ 37. Kf1 Bb6 38. Rc1 f6 39. Bf2 1/2-1/2

[Event "2ème Open International de Haute-Bretag"]
[Site "Rennes"]
[Date "2009.07.15"]
[Round "1.5"]
[White "Theon, Pierre"]
[Black "Okhotnik, Vladimir"]
[Result "0-1"]
[WhiteElo "2121"]
[BlackElo "2449"]
[PlyCount "26"]
[EventDate "2009.08.21"]
[EventType "swiss"]
[EventRounds "9"]
[EventCountry "FRA"]

1. e4 c5 2. Nf3 Nf6 3. Nc3 e6 4. d4 d5 5. e5 Nfd7 6. dxc5 Nc6 7. Bf4 a6 8. h4
Nxc5 9. Qd2 d4 10. Ne2 Ne4 11. Qd3 Bb4+ 12. Nd2 Qd5 13. f3 Nc5 0-1

[Event "2ème Open International de Haute-Bretag"]
[Site "Rennes"]
[Date "2009.07.15"]
[Round "1.4"]
[White "Bratanov, Zsivko"]
[Black "Suez Panama, Gilles"]
[Result "0-1"]
[WhiteElo "2456"]
[BlackElo "2122"]
[PlyCount "258"]
[EventDate "2009.08.21"]
[EventType "swiss"]
[EventRounds "9"]
[EventCountry "FRA"]

1. d4 Nf6 2. c4 g6 3. Nc3 d5 4. Bg5 Bg7 5. Bxf6 Bxf6 6. cxd5 c6 7. e3 cxd5 8.
Nf3 Nc6 9. Bb5 Qd6 10. O-O a6 11. Bxc6+ bxc6 12. Na4 Bg4 13. h3 Bxf3 14. Qxf3
O-O 15. Rac1 e5 16. dxe5 Bxe5 17. Rc2 Rab8 18. Rfc1 Rfc8 19. Qe2 Rb5 20. b3 d4
21. Rd1 Rd8 22. Nb2 Bg7 23. Qf3 Rd5 24. e4 Rb5 25. Nd3 c5 26. g3 a5 27. Rc4 Re8
28. Rdc1 Rc8 29. Kg2 Bf8 30. e5 Qe6 31. R1c2 Rb4 32. Nxc5 Bxc5 33. Rxc5 Rxc5
34. Rxc5 a4 35. Qa8+ Kg7 36. bxa4 Rb2 37. Qd8 Rxf2+ 38. Kxf2 Qf5+ 39. Ke2 Qe4+
40. Kd2 Qe3+ 41. Kc2 d3+ 42. Qxd3 Qxc5+ 43. Qc3 Qf2+ 44. Kb3 Qb6+ 45. Ka3 Qe6
46. a5 Qe7+ 47. Qb4 Qc7 48. Kb2 Qc6 49. Qc3 Qb7+ 50. Qb3 Qg2+ 51. Ka3 Qd2 52.
Qb4 Qc1+ 53. Ka4 Qc6+ 54. Kb3 Qd5+ 55. Kb2 Qg2+ 56. Kb3 Qd5+ 57. Ka3 Qd3+ 58.
Qb3 Qd2 59. Ka4 Qd4+ 60. Kb5 Qxe5+ 61. Kb4 Qd6+ 62. Kc4 Qc7+ 63. Kb5 Qb7+ 64.
Ka4 Qc6+ 65. Ka3 Qd6+ 66. Ka4 Qc6+ 67. Kb4 Qd6+ 68. Kb5 Qb8+ 69. Ka4 Qe8+ 70.
Qb5 Qe4+ 71. Qb4 Qc6+ 72. Kb3 Qd5+ 73. Qc4 Qb7+ 74. Ka3 Qe7+ 75. Kb2 Qb7+ 76.
Qb3 Qg2+ 77. Ka3 Qa8 78. Qc3+ Kg8 79. h4 h5 80. Qe5 Qc6 81. Kb4 Qb7+ 82. Kc5
Qa7+ 83. Kc4 Qa6+ 84. Kd4 Qa7+ 85. Ke4 Qf2 86. Kd5 Qxa2+ 87. Kc6 Qg2+ 88. Kb6
Qg1+ 89. Kb7 Qb1+ 90. Ka7 Qd3 91. Qe8+ Kg7 92. Qe5+ Kg8 93. a6 Qd7+ 94. Kb6
Qd8+ 95. Kb5 Qa8 96. Qd6 Qa7 97. Qd8+ Kg7 98. Qb6 Qd7+ 99. Qc6 Qd4 100. Qc5
Qd3+ 101. Ka5 Qd8+ 102. Kb4 Qb8+ 103. Ka5 Qd8+ 104. Ka4 Qe8+ 105. Ka3 Qb8 106.
Qd4+ Kh7 107. Qe3 Qd6+ 108. Kb3 Qxa6 109. Qf4 Kg7 110. Kc2 Qa2+ 111. Kd3 Qb1+
112. Kd2 Qb2+ 113. Kd3 Qf6 114. Qc7 Qe6 115. Qf4 Qf5+ 116. Qxf5 gxf5 117. Ke3
Kg6 118. Kf3 Kg7 119. Ke3 f6 120. Kf3 Kf7 121. Kf4 Ke6 122. Kf3 Ke5 123. Ke3
Kd5 124. Kf4 Ke6 125. Kf3 Ke5 126. Ke3 f4+ 127. gxf4+ Kd5 128. Kf3 f5 129. Ke3
Kc4 0-1

[Event "2ème Open International de Haute-Bretag"]
[Site "Rennes"]
[Date "2009.07.15"]
[Round "1.3"]
[White "Dubessay, Bastien"]
[Black "Sriram, Jha"]
[Result "0-1"]
[WhiteElo "2168"]
[BlackElo "2459"]
[PlyCount "84"]
[EventDate "2009.08.21"]
[EventType "swiss"]
[EventRounds "9"]
[EventCountry "FRA"]

1. d4 d5 2. c4 e6 3. Nc3 c6 4. e3 Nf6 5. Nf3 a6 6. c5 Nbd7 7. Bd3 g6 8. O-O Bg7
9. b4 O-O 10. Bb2 Qc7 11. Qd2 Re8 12. h3 e5 13. dxe5 Nxe5 14. Nxe5 Rxe5 15. Na4
Re7 16. Nb6 Rb8 17. Nxc8 Rxc8 18. Rfd1 Rce8 19. Rab1 h5 20. a4 Ne4 21. Qc2 Bxb2
22. Rxb2 Qe5 23. Bxe4 Qxe4 24. Rd4 Qxc2 25. Rxc2 Re4 26. Rcd2 f5 27. Rxe4 fxe4
28. h4 Kf7 29. Kf1 Ke6 30. f4 a5 31. Rb2 Ra8 32. b5 d4 33. exd4 Kd5 34. bxc6
bxc6 35. Rb7 Kxd4 36. Rg7 Ke3 37. Rxg6 Rb8 38. Kg1 Rb1+ 39. Kh2 Kf2 40. f5 e3
41. f6 e2 42. f7 Rh1+ 0-1

[Event "2ème Open International de Haute-Bretag"]
[Site "Rennes"]
[Date "2009.07.15"]
[Round "1.2"]
[White "Le Roux, Jean Pierre"]
[Black "Crouan, Stephane"]
[Result "1-0"]
[WhiteElo "2485"]
[BlackElo "2234"]
[PlyCount "37"]
[EventDate "2009.08.21"]
[EventType "swiss"]
[EventRounds "9"]
[EventCountry "FRA"]

1. d4 d5 2. c4 c6 3. Nf3 Nf6 4. e3 e6 5. Bd3 Nbd7 6. O-O Bd6 7. Nbd2 O-O 8. Re1
h6 9. e4 dxe4 10. Nxe4 Nxe4 11. Bxe4 e5 12. Bc2 exd4 13. Qxd4 Bb4 14. Rd1 Qc7
15. Bxh6 gxh6 16. Qg4+ Kh8 17. Qf5 Kg7 18. Qh7+ Kf6 19. a3 1-0

[Event "2ème Open International de Haute-Bretag"]
[Site "Rennes"]
[Date "2009.07.15"]
[Round "1.1"]
[White "Fomichenko, Svetlana"]
[Black "Fomichenko, Eduard"]
[Result "0-1"]
[WhiteElo "2245"]
[BlackElo "2512"]
[PlyCount "39"]
[EventDate "2009.08.21"]
[EventType "swiss"]
[EventRounds "9"]
[EventCountry "FRA"]

1. e4 e5 2. Nf3 Nc6 3. d4 exd4 4. Nxd4 Nf6 5. Nxc6 bxc6 6. e5 Qe7 7. Qe2 Nd5 8.
c4 Nb6 9. b3 a5 10. Bb2 Qe6 11. g3 a4 12. Bg2 Bb4+ 13. Nd2 Rb8 14. Rd1 O-O 15.
O-O d5 16. Nf3 Be7 17. Nd4 Qg6 18. Rfe1 c5 19. Nb5 c6 20. Nd6 {Illisible...}
0-1

[Event "2ème Open International de Haute-Bretag"]
[Site "Rennes"]
[Date "2009.07.16"]
[Round "2.2"]
[White "Dobrev, Nanko"]
[Black "Le Roux, Jean Pierre"]
[Result "0-1"]
[WhiteElo "2352"]
[BlackElo "2485"]
[PlyCount "80"]
[EventDate "2009.08.21"]
[EventType "swiss"]
[EventRounds "9"]
[EventCountry "FRA"]

1. Nf3 Nf6 2. c4 e6 3. d4 b6 4. a3 Bb7 5. Nc3 g6 6. d5 Bg7 7. e4 O-O 8. Be2 d6
9. dxe6 fxe6 10. O-O Nbd7 11. Qc2 Nc5 12. e5 dxe5 13. Rd1 Qe7 14. Bg5 e4 15.
Ne5 a5 16. Nb5 a4 17. Bh4 Nb3 18. Rab1 Qc5 19. Bg3 e3 20. f3 Nd2 21. Nd3 Qe7
22. Bxc7 Rfc8 23. Rxd2 exd2 24. Bd6 Qd7 25. Qxd2 Ne8 26. Bb4 Rxc4 27. Nc3 Rxb4
28. axb4 a3 29. Nd1 Qd4+ 30. Kf1 Nd6 31. bxa3 Nc4 32. Qg5 Bf6 33. Qh6 Rxa3 34.
N1f2 Bg7 35. Qg5 h6 36. Qxg6 Nd2+ 37. Kg1 Nxb1 38. Qxe6+ Kf8 39. Ne1 Qe5 40.
Qc4 Nc3 0-1

[Event "2ème Open International de Haute-Bretag"]
[Site "Rennes"]
[Date "2009.07.16"]
[Round "2.8"]
[White "Mladenov, Plamen"]
[Black "Le Goff, Damien"]
[Result "1-0"]
[WhiteElo "2362"]
[BlackElo "2270"]
[PlyCount "196"]
[EventDate "2009.08.21"]
[EventType "swiss"]
[EventRounds "9"]
[EventCountry "FRA"]

1. e4 e6 2. Nf3 d5 3. Nc3 Nf6 4. e5 Nfd7 5. d4 c5 6. dxc5 Bxc5 7. Bd3 Nc6 8.
Bf4 h6 9. h4 a6 10. a3 Qc7 11. O-O O-O 12. Qe2 Kh8 13. Bh2 Qd8 14. Rae1 Be7 15.
h5 Nc5 16. b4 Nxd3 17. cxd3 Bd7 18. Bf4 f5 19. exf6 Bxf6 20. Nd1 Rc8 21. Bd6
Be7 22. Bxe7 Qxe7 23. Ne3 Be8 24. Nxd5 Qd8 25. Ne3 Bxh5 26. g4 Bg6 27. Rd1 Qf6
28. Kg2 e5 29. Nc4 e4 30. dxe4 Qf4 31. Nh2 Bxe4+ 32. f3 Bh7 33. Nd6 Rcd8 34.
Nxb7 Rxd1 35. Rxd1 Ne5 36. Nc5 Nxf3 37. Qxf3 Qxh2+ 38. Kxh2 Rxf3 39. Rd8+ Bg8
40. a4 Rf4 41. Nxa6 Kh7 42. Kg3 Rc4 43. a5 Rc3+ 44. Kf4 Rb3 45. Rd4 Rb1 46. Nc5
Bf7 47. Ke5 h5 48. gxh5 Bxh5 49. a6 Bf3 50. a7 Kh6 51. Kf4 Ba8 52. Na4 Rf1+ 53.
Kg4 Rf7 54. Rd6+ g6 55. Ra6 Bh1 56. Nb6 Re7 57. Kg3 Kg5 58. a8=Q Bxa8 59. Nxa8
Re3+ 60. Kf2 Rb3 61. Rb6 Kf4 62. Nc7 Rb2+ 63. Ke1 Ke3 64. Kd1 Kd3 65. Rd6+ Kc4
66. b5 g5 67. Rg6 Kc5 68. Rc6+ Kd4 69. Kc1 Rb4 70. Kd2 Rb2+ 71. Ke1 g4 72. Rg6
Kc5 73. Rxg4 Kb6 74. Rc4 Kb7 75. Kd1 Kb6 76. Kc1 Rh2 77. Rc6+ Kb7 78. Nd5 Rg2
79. Rc2 Rg5 80. Nc3 Kb6 81. Kb2 Rg3 82. Kb3 Rh3 83. Rg2 Ka5 84. Rg4 Rh2 85.
Ra4+ Kb6 86. Ra6+ Kb7 87. Re6 Rh4 88. Re4 Rh1 89. Kb4 Rh2 90. Re2 Rh5 91. Re7+
Kb8 92. Nd5 Rh1 93. Kc5 Rh2 94. Rf7 Rh5 95. Kc6 Rh6+ 96. Rf6 Rh8 97. b6 Rg8 98.
Nc7 Rh8 1-0

[Event "2ème Open International de Haute-Bretag"]
[Site "Rennes"]
[Date "2009.??.??"]
[Round "4.21"]
[White "Mandon, Fabrice"]
[Black "Quellec, Yannick"]
[Result "1-0"]
[WhiteElo "2251"]
[BlackElo "1900"]
[PlyCount "73"]
[EventDate "2009.08.21"]
[EventType "swiss"]
[EventRounds "9"]
[EventCountry "FRA"]

1. e4 e6 2. d4 d5 3. Nc3 Bb4 4. e5 c5 5. a3 Bxc3+ 6. bxc3 Qc7 7. Qg4 Ne7 8.
Qxg7 Rg8 9. Qxh7 cxd4 10. Ne2 Nbc6 11. f4 Bd7 12. Rb1 dxc3 13. Qd3 O-O-O 14.
Qxc3 Nf5 15. Qd3 d4 16. Rg1 f6 17. exf6 e5 18. f7 Rg7 19. g3 e4 20. Qxe4 d3 21.
cxd3 Rxf7 22. Kf2 Re8 23. Qc4 Be6 24. Qc5 b6 25. Qb5 Rfe7 26. Bb2 Bd7 27. Rc1
Rxe2+ 28. Bxe2 Rxe2+ 29. Kxe2 Nfd4+ 30. Bxd4 Nxd4+ 31. Ke3 Nxb5 32. Rxc7+ Kxc7
33. g4 Nxa3 34. h4 b5 35. h5 Be6 36. h6 Bg8 37. g5 1-0

[Event "2ème Open International de Haute-Bretag"]
[Site "Rennes"]
[Date "2009.??.??"]
[Round "4.22"]
[White "Le Meur, Jean Pierre"]
[Black "Theon, Pierre"]
[Result "0-1"]
[WhiteElo "1942"]
[BlackElo "2121"]
[PlyCount "100"]
[EventDate "2009.08.21"]
[EventType "swiss"]
[EventRounds "9"]
[EventCountry "FRA"]

1. e4 c5 2. Nf3 Nc6 3. d4 cxd4 4. Bc4 Nf6 5. Qe2 d5 6. exd5 Nxd5 7. h3 g6 8.
O-O Bg7 9. Rd1 O-O 10. c3 e5 11. cxd4 exd4 12. Na3 Re8 13. Qf1 Be6 14. Bb5 Ndb4
15. Bd2 Qe7 16. Qe1 Red8 17. Rdc1 d3 18. Bg5 Bf6 19. Qd2 Bxg5 20. Nxg5 Bd5 21.
Re1 Qf6 22. Ne4 Qd4 23. Nc3 Be6 24. Re4 Qg7 25. Ba4 Rac8 26. Rae1 Nd4 27. Rd1
a6 28. Rc1 Bf5 29. Re7 b5 30. Bb3 Nxb3 31. axb3 Nc6 32. Nd5 Be6 33. Rxe6 fxe6
34. Nf4 Qh6 35. Rd1 e5 36. Ne6 Qxd2 37. Rxd2 Rd6 38. Nc5 Nb4 39. Ne4 Rc1+ 40.
Kh2 Rdc6 41. Kg3 R1c2 42. Kf3 Rxd2 43. Nxd2 Rc2 44. Ke3 Rxb2 45. Nab1 Rc2 46.
Ke4 a5 47. Ke3 Rc1 48. Na3 Nc2+ 49. Nxc2 dxc2 50. Kd3 Rf1 0-1

[Event "2ème Open International de Haute-Bretag"]
[Site "Rennes"]
[Date "2009.??.??"]
[Round "4.23"]
[White "Allorant, Adrien"]
[Black "Arnaud, Jean Paul"]
[Result "1-0"]
[WhiteElo "2072"]
[BlackElo "1884"]
[PlyCount "79"]
[EventDate "2009.08.21"]
[EventType "swiss"]
[EventRounds "9"]
[EventCountry "FRA"]

1. d4 d5 2. c4 c6 3. Nf3 Nf6 4. e3 e6 5. Nbd2 Nbd7 6. b3 Bd6 7. Bb2 O-O 8. Bd3
Re8 9. Ne5 Nf8 10. O-O Ng6 11. f4 Qe7 12. Rf3 Ne4 13. Nxe4 dxe4 14. Bxe4 f5 15.
Bc2 Bxe5 16. fxe5 Rd8 17. Qe2 b6 18. e4 f4 19. Rh3 Qf7 20. Rf3 Nh4 21. Rff1 Qg6
22. Rxf4 Qh6 23. Bc1 g5 24. Rf6 Ng6 25. Qe3 Qh4 26. Bb2 Nf4 27. Bd1 Ng6 28. g3
Qh6 29. h4 Rf8 30. Qxg5 Qxg5 31. hxg5 Rxf6 32. exf6 Kf7 33. e5 Bb7 34. Bf3 Rd8
35. Kf2 Nxe5 36. dxe5 Rd2+ 37. Ke3 Rxb2 38. Rd1 Kg6 39. Rd7 Ba6 40. Rg7+ 1-0

[Event "2ème Open International de Haute-Bretag"]
[Site "Rennes"]
[Date "2009.??.??"]
[Round "4.24"]
[White "Le Gallo, Frederic"]
[Black "Sinnas, Albert"]
[Result "1-0"]
[WhiteElo "2041"]
[BlackElo "1836"]
[PlyCount "51"]
[EventDate "2009.08.21"]
[EventType "swiss"]
[EventRounds "9"]
[EventCountry "FRA"]

1. e4 c6 2. Nc3 d5 3. Nf3 Bg4 4. exd5 cxd5 5. h3 Bxf3 6. Qxf3 Nf6 7. Bb5+ Nc6
8. O-O e6 9. d3 Be7 10. Qg3 a6 11. Bxc6+ bxc6 12. Re1 Qb8 13. Qxg7 Rg8 14. Qh6
Rg6 15. Qf4 Bd6 16. Qa4 Kd7 17. Ne2 e5 18. c4 Qg8 19. g3 e4 20. cxd5 Nxd5 21.
dxe4 Bxg3 22. fxg3 Rxg3+ 23. Kh2 Rg2+ 24. Kh1 Qg6 25. exd5 Rg8 26. Qxc6+ 1-0

[Event "2ème Open International de Haute-Bretag"]
[Site "Rennes"]
[Date "2009.??.??"]
[Round "4.25"]
[White "Vandomel, Fabrice"]
[Black "Mocquard, Yves"]
[Result "0-1"]
[WhiteElo "1895"]
[BlackElo "2030"]
[PlyCount "50"]
[EventDate "2009.08.21"]
[EventType "swiss"]
[EventRounds "9"]
[EventCountry "FRA"]

1. b3 e5 2. Bb2 Nc6 3. Nf3 e4 4. Nd4 Nxd4 5. Bxd4 c5 6. Bb2 d5 7. e3 a6 8. c4
d4 9. exd4 cxd4 10. g3 Nf6 11. h3 Bc5 12. b4 Be7 13. Qa4+ Bd7 14. Qb3 Be6 15.
Qa4+ b5 16. cxb5 O-O 17. bxa6 Re8 18. Bb5 Qd5 19. Bc6 Qh5 20. Qd1 Bg4 21. Qb3
Bf3 22. Rg1 e3 23. Bxf3 Qxf3 24. fxe3 dxe3 25. dxe3 Bxb4+ 0-1

[Event "2ème Open International de Haute-Bretag"]
[Site "Rennes"]
[Date "2009.??.??"]
[Round "4.26"]
[White "Schmouchkovitch, Michel"]
[Black "Geffroy, Leo"]
[Result "1-0"]
[WhiteElo "1996"]
[BlackElo "1662"]
[PlyCount "89"]
[EventDate "2009.08.21"]
[EventType "swiss"]
[EventRounds "9"]
[EventCountry "FRA"]

1. d4 Nf6 2. Nf3 g6 3. c4 Bg7 4. Nc3 O-O 5. Bg5 d6 6. e3 Nbd7 7. Be2 c5 8. O-O
a6 9. Qd2 h6 10. Bh4 Kh7 11. Rad1 Qc7 12. h3 cxd4 13. exd4 Nb6 14. b3 Bf5 15.
d5 Rae8 16. Nd4 Bc8 17. f4 Nbd7 18. Bf3 Nc5 19. Bf2 h5 20. Bh4 Ng8 21. Ne4 Nxe4
22. Bxe4 Nh6 23. Qd3 Qc5 24. Bf2 Qa5 25. a4 Bxd4 26. Bxd4 f5 27. Bf3 Ng8 28.
Kh2 Nf6 29. Rde1 Kg8 30. Re3 Kf7 31. Rfe1 Qc7 32. Qc3 Nd7 33. a5 b6 34. axb6
Nxb6 35. Qa5 Na8 36. Qb4 Qb7 37. Qd2 Nc7 38. Bb2 Rg8 39. Qc3 Na8 40. Re6 Ref8
41. Rxd6 Qc7 42. Rf6+ Ke8 43. Rxf8+ Kxf8 44. Qe5 Qd7 45. d6 1-0